Carregant...

International encyclopaedia of library and information technology: v.6: librarianship in twentyfirst century/

Dades bibliogràfiques
Autor principal: Purushotham Tiwari
Format: Printed Book
Publicat: New Delhi: APH Publishing, 2013.
Matèries:
LEADER 00738nam a22001817a 4500
020 |a 9789331317803 
082 |a 020  |b PUR/I.6 
100 |a Purushotham Tiwari  |9 16877 
245 |a International encyclopaedia of library and information technology:  |b v.6: librarianship in twentyfirst century/  |c by Purushotham Tiwari. 
260 |a New Delhi:  |b APH Publishing,  |c 2013. 
300 |a 267p. 
650 |a Library Science  |9 16878 
650 |a Encyclopaedia Library Science  |9 16879 
650 |a Library and Information Technology  |9 16880 
650 |a Librarianship  |9 16881 
942 |c REF 
999 |c 64996  |d 64996 
952 |0 0  |1 0  |4 0  |6 020_000000000000000_PUR_I_6  |7 0  |9 86623  |a SSUS  |b SSUS  |c REF  |d 2017-05-11  |g 1000.00  |o 020 PUR/I.6  |p 084514  |r 2017-05-11  |w 2017-05-11  |y REF